00241nam a2200109Ia 4500008004100000100000800041245001800049260001800067650002200085942000700107999001700114190216s9999||||xx |||||||||||||| ||und|| aT N 0aMalayude Mala bCurrent Books aMalayalam Nadakam cBK c23770d23770